Australian Cities and Towns by Picture - Statistics

General Stats
  • This quiz has been taken 85 times
  • The average score is 17 of 27
Answer Stats
Picture Answer % Correct
Sydney
97%
Canberra
95%
Melbourne
95%
Perth
95%
Gold Coast
93%
Adelaide
92%
Brisbane
92%
Hobart
88%
Darwin
84%
Cairns
76%
Townsville
75%
Alice Springs
71%
Newcastle
70%
Coffs Harbour
61%
Broome
59%
Geelong
55%
Bendigo
51%
Katoomba
51%
Wollongong
51%
Ballarat
50%
Kalgoorlie
32%
Mount Gambier
25%
Port Douglas
25%
Port Hedland
20%
Toowoomba
20%
Mildura
18%
Jindabyne
14%
No matching quizzes found
Score Distribution
Percent of People with Each Score
Percentile by Number Answered
Your Score History
You have not taken this quiz